| 000 | 00603nam a2200193 a 4500 | ||
|---|---|---|---|
| 001 | 000024198 | ||
| 005 | 20200930022812.0 | ||
| 008 | 110120s1969 sp r 000 f spa d | ||
| 040 |
_aDO-SdBNP _bspa _cBNPHU |
||
| 082 |
_a863.6 _bM379m, 1969 |
||
| 100 | 1 |
_aMartín Vigil, José Luis, _d1919-1935. _949703 |
|
| 245 | 1 | 0 |
_aLa muerte está en el camino : _bnovela / _cJosé Luis Martín Virgil. |
| 250 | _a10a ed. | ||
| 260 |
_aBarcelona, España : _bJuventud, _c1969. |
||
| 300 |
_a320 p. ; _c21 cm. |
||
| 650 | 4 |
_aNovela española _91123 |
|
| 650 | 4 |
_aLiteratura española _ySIGLO XX _93326 |
|
| 049 | _aBNGR | ||
| 999 |
_c23692 _d23692 |
||